| 000 | 02412ncm0a22004571 4500 | ||
|---|---|---|---|
| 001 | RU\NLR\ONIZ\221358 | ||
| 005 | 20250626085500.0 | ||
| 013 | _a979-0-66006-209-8 | ||
| 021 |
_aRU _b14-291 _914-19н |
||
| 035 | _aRU\NLR\ONIZ\Таня\5000006103\20171101095713 | ||
| 035 | _a(NLR Aleph) 011536846 | ||
| 071 | 2 | 0 | _a14240 |
| 090 |
_a12174509 _c12174509 |
||
| 100 | _a20171101d2014 |||y0rusy50 ca | ||
| 101 | 0 |
_aeng _arus _feng _frus |
|
| 102 | _aRU | ||
| 125 | _aza | ||
| 128 | _aco | ||
| 145 | 0 | _ab | |
| 200 | 1 |
_aКонцерт № 22 _bНоты _eдля скрипки с орк. _fДж. Б. Виотти _gред. Г. Дулова, каденция Ф. Давида |
|
| 208 | _aКлавир, партия | ||
| 210 |
_aМосква _cМузыка _d2014 |
||
| 215 |
_a51 с., 1 парт. (20 с.) _d29 см |
||
| 225 | 1 | _aИз наследия великих скрипачей | |
| 313 | _aСистематизация документа проведена по изданию - Методика классифицирования музыкальных произведений (нотных изданий) по таблицам Библиотечно-библиографических классификаций : метод. рекомендации / Гос. б-ка СССР им. В.И. Ленина.- М., 1977. Индексу ББК методических рекомендаций присваивается код ББК для научных библиотек - LBC/SL | ||
| 606 | 1 |
_aКонцерты для скрипки с оркестром _xКлавиры _jНоты _2nlr_sh |
|
| 686 |
_aЩ955.4-042(4Ит)ФнГ _vLBC/SL _2rubbk |
||
| 700 | 1 |
_9z01790 _aВиотти _bД. Б. _f1755-1824 _gДжованни Баттиста _4230 |
|
| 702 | 1 |
_9z02790 _aДулов _bГ. Н. _f1875-1940 _gГеоргий Николаевич _4340 |
|
| 702 | 1 |
_9z03790 _aДавид _bФ. _f1810-1873 _gФердинанд _4340 |
|
| 790 | 1 |
_9z01700 _aViotti _bG. B. _f1755-1824 _gGiovanni Battista _4230 |
|
| 790 | 1 |
_9z02702 _aDulov _bG. N. _f1875-1940 _gGeorgij Nikolaevich _4340 |
|
| 790 | 1 |
_9z03702 _aDavid _bF. _cviolin, composer _f1810-1873 _gFerdinand _4340 |
|
| 801 | 0 |
_aRU _bNLR _c20171101 _gPSBO |
|
| 801 | 1 |
_aRU _bNLR _c20171101 _2rusmarc |
|
| 801 | 2 |
_aRU _bNLR _c20171101 |
|
| 852 |
_aNLR _bМ _jК-3/29008 _pМОЭ 2014-19н/291 (2 экз.) _t1 |
||
| 942 | _cSCORE | ||
| 980 | _aNB | ||
| 980 | _aONIZ | ||